Statistics for Највећи градови Балкана

Click here to take the quiz!

General Stats

  • This quiz has been taken 94 times
  • The average score is 15 of 21

Answer Stats

Држава Популација са околином Град % Correct
Бугарска1.428.113Софија
100%
Србија1.659.440Београд
99%
Хрватска1.110.517Загреб
99%
Босна и Херцеговина369.534Сарајево
99%
Грчка3.753.783Атина
97%
Србија277.522Нови Сад
96%
Северна Македонија668.518Скопље
96%
Албанија621.286Тирана
96%
Турска14.160.467Истанбул
93%
Словенија282.994Љубљана
93%
Србија187.544Ниш
90%
Грчка1.104.460Солун
87%
Босна и Херцеговина238.353Бања Лука
87%
Италија205.535Трст
65%
Србија198.214Приштина
55%
Бугарска403.153Пловдив
51%
Бугарска474.076Варна
45%
Бугарска236.742Бургас
30%
Румунија425.916Констанца
16%
Грчка213.984Патра
10%
Турска235.354Чорлу
4%

Score Distribution

Percentile by Number Answered

Percent of People with Each Score

Your Score History

You have not taken this quiz